000 01777nam a2200457 i 4500
001 56529
003 KOSZ 005
005 20210311111613.0
008 090727s2008 pl a f f |000 0 pol
020 _a9788324918478
040 _aWA N
_cWA N
_dKOSZ 005/HR
046 _k2008
080 _a696
080 _a699.8
080 _a621.316
080 _a(083.1)
100 1 _aLenartowicz, Radosław
_eAutor
245 1 0 _aPrzebudowa i remonty instalacji i urządzeń elektrycznych w budownictwie mieszkaniowym /
_cInstytut Techniki Budowlanej ; [aut.: Radosław Lenartowicz, Andrzej Boczkowski, Sławomir Cieśla].
260 _aWarszawa :
_bInstytut Techniki Budowlanej Dział Wydawniczy,
_c2008.
300 _a219 s., [26] s. tabl. złoż. :
_bil. ;
_c24 cm.
336 _2rdacontent
_aTekst
_btxt
337 _2rdamedia
_aBez urządzenia pośredniczącego
_bn
338 _2rdacarrier
_aWolumin
_bnc
380 _aDruki ulotne
380 _aPublikacje fachowe
388 _a2001-
490 1 _aInstrukcje, Wytyczne, Poradniki / Instytut Techniki Budowlanej ;
_v438/2008.
650 4 _aBudownictwo mieszkaniowe
650 4 _aInstalacje elektryczne
650 4 _aInstalacja odgromowa
655 4 _aInstrukcja
658 _aArchitektura i budownictwo
658 _aInżynieria i technika
650 4 _aMontaż
700 1 _aCieśla, Sławomir
_eAutor
700 1 _aBoczkowski, Andrzej
_c(elektrotechnik)
_eAutor
710 2 _aInstytut Techniki Budowlanej
_4pbl.
830 0 _aInstrukcje, Wytyczne, Poradniki - Instytut Techniki Budowlanej
_v438/2008
856 _uhttp://koha.tu.koszalin.pl/cgi-bin/koha/opac-detail.pl?biblionumber=56529
_yKatalog online BPK
942 _2UKD
_cKS
999 _c56529
_d56529